00443nam a22001217a 4500008004100000040005500041080002200096245009300118260005700211300001100268650001900279653002300298230420b |||||||| |||| 00| 0 eng d aNational Science LibrarycNational Science Library a5(061.1)(058)bL0 aYear Book of the Indian national science academy 1970c/Indian National Science Academy  aNew Delhi: bIndian National Science Academy, c1970 a179p.  aBasic science  aFinance committee